| 000 | 00512cam a2200193ua 4500 | ||
|---|---|---|---|
| 020 | _c450.00 | ||
| 041 |
_aeng _h |
||
| 082 |
_a631.5874 _bDAR/IR |
||
| 100 | _aDarra, B L . | ||
| 245 |
_aIrrigation management: A system approach, Vol 1 / _cB L Darra. _hTextual Documents |
||
| 250 |
_a / _b. |
||
| 260 |
_a : _bAtlantic publishers and distributers , _c1990. |
||
| 300 |
_a456 : _b506 ; . |
||
| 365 | _a450.00 | ||
| 504 | _a | ||
| 700 | 1 | _aRaghuvanshi, . | |
| 942 | _cBK | ||
| 999 |
_c10571 _d10571 |
||